| 000 | 01440cam a22003251i 4500 | ||
|---|---|---|---|
| 003 | SA-RiAUC | ||
| 005 | 20250430064439.0 | ||
| 008 | 250429s2002 su o g b 00000 ara c | ||
| 020 | _a 9960861732 | ||
| 040 |
_aSA-RiAUC _bara _cSA-RiAUC _erda |
||
| 043 | _aa-su--- | ||
| 050 | 4 | _bT37 2002 | |
| 082 | 0 | 4 |
_a953.121 _qSA-RiAUC |
| 090 |
_a953.121 _b ت ا ر |
||
| 245 | 0 | 0 |
_aتاريخ مكة المكرمة : _bكتاب مختصر وجامع لأحوال مكة المكرمة وما يخص حجاج بيت الله الحرام / _cإعداد جماعة من العلماء بإشراف صفي الدين المباركفوري. |
| 250 | _aالطبعة الأولى. | ||
| 264 | 1 |
_aالرياض : _bدار السلام للنشر والتوزيع، _c2002 |
|
| 300 |
_a160 صفحة : _bصور ؛ _c20 سم |
||
| 336 |
_aنص _btxt _2rdacontent _3كتاب |
||
| 337 |
_aبدون وسيط _bn _2rdamedia |
||
| 338 |
_aمجلد _bnc _2rdacarrier |
||
| 504 | _aببليوجرافية : صفحة 152-154. | ||
| 610 | 2 | 7 |
_aالمسجد الحرام _xتاريخ _2aucnm |
| 650 | 7 |
_aالأماكن المقدسة الإسلامية _zالسعودية _2aucsh |
|
| 651 | 7 |
_aمكة المكرمة _xتاريخ _2aucsh |
|
| 651 | 7 |
_aمكة المكرمة _xحضارة _2aucsh |
|
| 700 | 1 |
_aالمباركفوري، صفي الرحمن، _d1943-2006 _eمشرف. |
|
| 942 |
_2ddc _cBOOK _n0 |
||
| 949 |
_aSA-JeALM _d250429 _umohamedma123 _n1 |
||
| 999 |
_c7453 _d7453 |
||